000 00802nam a22002057a 4500
999 _c11339
_d11339
003 AR-CdUCM
008 190403b ||||| |||| 00| 0 spa d
040 _aMUNICIPALIDAD PROVINCIAL DEL CUSCO
_cBIBLIOTECA MUNICIPAL DEL CUSCO
082 _aEP / 809 /
_bV48
100 _aVerdaguer, Rosendo
_928656
245 _aCuando los grandes reyes eran niños /
260 _aBarcelona :
_bEditorial Cervantes,
_c1962.
300 _a158 paginas ;
_bIlustraciones,
_c23 cm.
440 _aColecciones Olimpo
_928657
505 _aContenido :Tutankamon --Constantino I , el grande --Ricardo Corazon de Leon --Fernando el Católico -- Felipe II --Luis XIV --Federico el grande --Agustín de Iturbide /
650 _aEducación primaria
_91561
650 _aHistoria
_9136
942 _2ddc
_cLIBROS
945 _arjall